日本の鉄軌道事業者 - Statistics

General Stats
  • This quiz has been taken 942 times
    900 since last reset
  • The average score is 102 of 217
Answer Stats
Answer % Correct
北海道旅客鉄道
99%
東日本旅客鉄道
99%
西日本旅客鉄道
99%
東海旅客鉄道
98%
四国旅客鉄道
98%
九州旅客鉄道
98%
日本貨物鉄道
96%
阪急電鉄
95%
西武鉄道
94%
東武鉄道
94%
近畿日本鉄道
94%
京浜急行電鉄
93%
東京地下鉄
93%
阪神電気鉄道
93%
京成電鉄
92%
名古屋鉄道
92%
小田急電鉄
91%
東急電鉄
91%
京王電鉄
90%
京阪電気鉄道
90%
西日本鉄道
90%
南海電気鉄道
89%
札幌市交通局
88%
東京都交通局
88%
相模鉄道
86%
仙台市交通局
86%
名古屋市交通局
84%
横浜市交通局
81%
京都市交通局
81%
神戸市交通局
80%
福岡市交通局
80%
新京成電鉄
77%
青い森鉄道
76%
山陽電気鉄道
74%
広島電鉄
70%
アイジーアールいわて銀河鉄道
68%
三陸鉄道
67%
静岡鉄道
67%
道南いさりび鉄道
66%
あいの風とやま鉄道
66%
IRいしかわ鉄道
66%
えちごトキめき鉄道
65%
首都圏新都市鉄道
64%
伊豆急行
64%
いすみ鉄道
63%
しなの鉄道
63%
函館市企業局交通部
62%
鹿児島市交通局
62%
熊本市交通局
62%
神戸電鉄
62%
北大阪急行電鉄
61%
会津鉄道
61%
鹿島臨海鉄道
61%
東京モノレール
61%
富山地方鉄道
61%
伊予鉄道
61%
沖縄都市モノレール
61%
秩父鉄道
60%
多摩都市モノレール
60%
江ノ島電鉄
60%
ハピラインふくい
60%
長野電鉄
60%
高松琴平電気鉄道
60%
肥薩おれんじ鉄道
59%
泉北高速鉄道
58%
秋田内陸縦貫鉄道
58%
阿武隈急行
58%
関東鉄道
58%
東京臨海高速鉄道
58%
富士山麓電気鉄道
58%
養老鉄道
58%
伊豆箱根鉄道
58%
遠州鉄道
58%
神戸高速鉄道
57%
千葉都市モノレール
57%
銚子電気鉄道
57%
大井川鐵道
57%
愛知環状鉄道
57%
近江鉄道
57%
野岩鉄道
56%
小湊鉄道
56%
湘南モノレール
56%
のと鉄道
56%
大阪市高速電気軌道
56%
北越急行
55%
豊橋鉄道
55%
岡山電気軌道
55%
埼玉高速鉄道
54%
北総鉄道
54%
ゆりかもめ
54%
天竜浜名湖鉄道
54%
智頭急行
54%
弘南鉄道
53%
福井鉄道
53%
三岐鉄道
53%
一畑電車
53%
津軽鉄道
52%
真岡鐵道
52%
東葉高速鉄道
52%
大阪モノレール
52%
芝山鉄道
51%
アルピコ交通
51%
長良川鉄道
51%
伊勢鉄道
51%
山形鉄道
50%
北陸鉄道
50%
えちぜん鉄道
50%
福島交通
49%
上信電鉄
49%
伊賀鉄道
49%
土佐くろしお鉄道
49%
宇都宮ライトレール
48%
上毛電気鉄道
48%
京福電気鉄道
48%
松浦鉄道
48%
仙台空港鉄道
47%
とさでん交通
47%
ひたちなか海浜鉄道
46%
わたらせ渓谷鉄道
46%
四日市あすなろう鉄道
46%
紀州鉄道
46%
樽見鉄道
45%
岳南電車
45%
平成筑豊鉄道
45%
流鉄
44%
上田電鉄
44%
叡山電鉄
44%
水間鉄道
44%
若桜鉄道
44%
長崎電気軌道
44%
由利高原鉄道
43%
愛知高速交通
43%
錦川鉄道
43%
熊本電気鉄道
43%
WILLER TRAINS
43%
埼玉新都市交通
42%
明知鉄道
42%
横浜高速鉄道
41%
阪堺電気軌道
41%
山万
40%
万葉線
39%
東海交通事業
39%
能勢電鉄
39%
和歌山電鐵
39%
甘木鉄道
39%
島原鉄道
39%
井原鉄道
38%
水島臨海鉄道
38%
阿佐海岸鉄道
37%
黒部峡谷鉄道
35%
北条鉄道
35%
南阿蘇鉄道
35%
信楽高原鐵道
34%
舞浜リゾートライン
33%
小田急箱根
33%
横浜シーサイドライン
32%
名古屋臨海高速鉄道
32%
くま川鉄道
32%
名古屋ガイドウェイバス
31%
筑豊電気鉄道
31%
神戸新交通
30%
名古屋臨海鉄道
29%
札幌市交通事業振興公社
26%
嵯峨野観光鉄道
25%
北九州市
24%
千葉ニュータウン鉄道
22%
北九州高速鉄道
22%
広島高速交通
21%
北近畿タンゴ鉄道
20%
青森県
19%
京葉臨海鉄道
19%
仙台臨海鉄道
18%
福島臨海鉄道
18%
神奈川臨海鉄道
18%
富山市
18%
八戸臨海鉄道
17%
岩手開発鉄道
17%
衣浦臨海鉄道
17%
福島県
15%
宇都宮市
15%
ラクテンチ
15%
成田空港高速鉄道
14%
立山黒部貫光
14%
鞍馬寺
14%
青函トンネル記念館
13%
西濃鉄道
13%
和歌山県
13%
関西高速鉄道
12%
四日市市
10%
比叡山鉄道
10%
大阪港トランスポートシステム
10%
中之島高速鉄道
10%
筑波観光鉄道
9%
芳賀町
9%
高尾登山電鉄
9%
十国峠
9%
中部国際空港連絡鉄道
9%
御岳登山鉄道
8%
大山観光電鉄
8%
上飯田連絡線
8%
成田高速鉄道アクセス
7%
伊賀市
7%
甲賀市
7%
西大阪高速鉄道
7%
こうべ未来都市機構
7%
若桜町
7%
四国ケーブル
7%
皿倉登山鉄道
7%
養老線管理機構
6%
丹後海陸交通
6%
大阪外環状鉄道
6%
新関西国際空港
5%
六甲山観光
5%
八頭町
5%
奈良生駒高速鉄道
4%
佐賀・長崎鉄道管理センター
4%
南阿蘇鉄道管理機構
4%
No matching quizzes found
Score Distribution
Percent of People with Each Score
Percentile by Number Answered
Your Score History
You have not taken this quiz since the last reset